Concurs fotogràfic : #PalauGüellSantJordi #PalauGüellSantJordi
Descripción Física:
1 punt de llibre ; il. col. ; 20 x 6 cm.
Otros Autores:
Manent, Ramon, 1948-
Idioma:
Catalán
MARC
| LEADER | 00000nrm a22000007a 4500 | ||
|---|---|---|---|
| 001 | 25021 | ||
| 008 | 211122b spa||||| |||| 00| 0 cat d | ||
| 080 | |a NBM-12-27 | ||
| 110 | 2 | |a Palau Güell (Barcelona) |9 17034 | |
| 245 | |a Concurs fotogràfic : |b #PalauGüellSantJordi | ||
| 260 | |a Barcelona : |b Palau Güell : Diputació de Barcelona ; |c 2018 | ||
| 300 | |a 1 punt de llibre ; |b il. col. ; |c 20 x 6 cm. | ||
| 500 | |a Il·lustrat amb una fotografia de Ramon Manent de la reixa que trobem a l'entrada del Palau Güell. | ||
| 610 | 2 | 0 | |a Palau Güell (Barcelona) |9 17034 |
| 650 | 0 | |a Fotografia |x Concursos |9 33537 | |
| 655 | 0 | |a Punts de llibre |9 52700 | |
| 700 | |a Manent, Ramon, |d 1948- |e fotògraf |9 39599 | ||
| 942 | |2 udc |c ARXIU |n 1 | ||
| 952 | |0 0 |1 0 |2 udc |4 0 |6 NBM1227 |7 1 |9 60835 |a Arxiu |b Arxiu |d 2021-11-22 |l 0 |o NBM-12-27 |p 25021 |r 2021-11-22 00:00:00 |w 2021-11-22 |y ARXIU | ||
| 999 | |c 80964 |d 80964 | ||